| 000 | 00000nes 2200000za 4500 |
|---|---|
| 001 | 9.507196 |
| 003 | CaOODSP |
| 005 | 20251024110351 |
| 006 | s|| m f0 | |
| 006 | m go c f |
| 007 | cr ||||||||||| |
| 008 | 150406c20119999onc|||||||b||fo | |zeng|d |
| 040 | |aCaOODSP|beng |
| 043 | |an-cn--- |
| 086 | 1 |aM48E-PDF |
| 245 | 04|a"A" series map |h[electronic resource] |
| 260 | |aOttawa : |bNatural Resources Canada, |c[2011?]- |
| 310 | |aIrregular |
| 710 | 2 |aGeological Survey of Canada. |
| 775 | 08|tCarte série "A" |w(CaOODSP)9.816596 |
| 776 | 0#|t"A" series map |w(CaOODSP)9.515061 |